000 01458nam0a22003011 4500
001 RU\NLR\INFOCOMM_17\5000671041
005 20250613095513.0
035 _a(NLR Aleph) 009296705
090 _a9253713
_c9253713
100 _a20101008d1990 |||y0rusy50 ca
101 1 _aeng
_crus
102 _aYE
_aRU
105 _aa ||||000|y
200 1 _aExplanatory note to the geological map of the PDRY
_eScale 1:100000
_eSheet 'Ayād, D-38-46
_fMin. of energy a. minerals. Dep. of geology a. mineral exploration, Aden, PDRY, Min. of geology of the USSR. V/O Zarubezhgeologiya, Moscow, USSR
_gComp. by V. S. Degtyariov, Dr V. E. Zabrodin
_gEd. by Dr V. E. Zabrodin
_g[Transl. from Russ. by V. M. Evdokimov]
210 _aAden
_aΜ.
_cBoard of minerals. Aden branch
_d1990
215 _a15 с.
_cкарт.
_d21 см
320 _aБиблиогр.: с. 15
607 _aЙемен, Народная Демократическая Республика
_jГеологические карты
_2nlr_sh1
686 _aД59(53Йен)я64
_2rubbk
702 1 _9z01790
_aDegtjarev
_bV. S.
_gVasilij Savel'evič
_4220
702 1 _aZabrodin
_bV. E.
_gVladimir Evgen'evič
_4340
712 0 1 _aPeople's Democratic Republic of Yemen
_bMinistry of energy and minerals
_bDepartment of geology and mineral exploration
_4570
790 1 _9z01702
_aDegtyariov
_bV. S.
_4220
801 1 _aRU
_bNLR
_c20101008
801 0 _aRU
_bNLR
_gPSBO
852 _aNLR
_jК Текст/802
942 _cBOOK
980 _aNB